000
00329nam a2200133Ia 4500
005
20251222143231.0
008
251222s9999||||xx |||||||||||||| ||spa||
020
_a
88-17-11117-1
082
_a
261.4/N49
100
_a
Newman, John Henry
245
0
_a
Il Cuore del Mondo
264
_b
R. C. S. Libri & Grandi Opere
942
_c
LIB
999
_c
14203
_d
14203